Mandato ciudadano por la paz : (Registro nro. 6847)
[ vista simple ]
| 000 -LEADER | |
|---|---|
| fixed length control field | 01630cam a2200289 a 4500 |
| 003 - CONTROL NUMBER IDENTIFIER | |
| control field | OSt |
| 005 - DATE AND TIME OF LATEST TRANSACTION | |
| control field | 20200914152349.0 |
| 008 - FIXED-LENGTH DATA ELEMENTS--GENERAL INFORMATION | |
| fixed length control field | 990903t 1998ck a r 000 0 spa d |
| 020 ## - INTERNATIONAL STANDARD BOOK NUMBER | |
| International Standard Book Number | 9589605214 |
| 040 ## - CATALOGING SOURCE | |
| Original cataloging agency | CO-BoPUJ |
| Transcribing agency | CO-JMCR |
| 041 0# - LANGUAGE CODE | |
| Language code of text/sound track or separate title | spa |
| 082 04 - DEWEY DECIMAL CLASSIFICATION NUMBER | |
| Classification number | 327.172 / |
| Item number | A472m |
| Edition number | 23 |
| 100 1# - MAIN ENTRY--PERSONAL NAME | |
| Personal name | Alvarado, María Cristina, |
| Relator term | autora |
| 9 (RLIN) | 10228 |
| 245 00 - TITLE STATEMENT | |
| Title | Mandato ciudadano por la paz : |
| Remainder of title | eclipse de la guerra / |
| Statement of responsibility, etc. | María Cristina Alvarado ; ilustración Giovanni Cabrera ; revisión de textos Luz Eugenia Sierra |
| 250 ## - EDITION STATEMENT | |
| Edition statement | Primera edición |
| 260 ## - PUBLICATION, DISTRIBUTION, ETC. | |
| Place of publication, distribution, etc. | Bogotá : |
| Name of publisher, distributor, etc. | UNICEF, |
| Date of publication, distribution, etc. | 1998. |
| 300 ## - PHYSICAL DESCRIPTION | |
| Extent | 242 páginas : |
| Other physical details | ilustraciones a blanco y negro ; |
| Dimensions | 27 cm. |
| 500 ## - GENERAL NOTE | |
| General note | Colección Joaquin Sánchez, S.J. |
| 500 ## - GENERAL NOTE | |
| General note | Colección Alfredo Vázquez Carrizosa. |
| 505 0# - FORMATTED CONTENTS NOTE | |
| Formatted contents note | Tiempos de guerra. -- Espacios de Paz. -- El mandato. -- Herra mientras para la Paz. -- Ecos del mandato. -- Voces de Paz |
| 520 0# - SUMMARY, ETC. | |
| Summary, etc. | Este libro pretende presentar la historia del Mandato ciudadano por la paz de Colombia y la construcción de esa gran fuerza ciudadana que en forma activa busca las soluciones. Esa fuerza que participa no solo en en la manifestación de su rechazo a la guerra, sino en la medida de lo posible, en la elaboración difusión, ejecución y evaluación de una política pública que promueva la paz, la equidad, el bienestar común, la libertad y el pluralismo |
| 650 24 - SUBJECT ADDED ENTRY--TOPICAL TERM | |
| Topical term or geographic name entry element | Paz |
| General subdivision | Historia |
| Geographic subdivision | colombia |
| Chronological subdivision | 1996 |
| 9 (RLIN) | 10229 |
| 651 24 - SUBJECT ADDED ENTRY--GEOGRAPHIC NAME | |
| Geographic name | Colombia |
| General subdivision | Política y gobierno |
| -- | Aspectos sociales |
| 9 (RLIN) | 10230 |
| 700 1# - ADDED ENTRY--PERSONAL NAME | |
| Personal name | Cabrera, Giovanni |
| Relator term | Ilustrador |
| 9 (RLIN) | 10231 |
| 700 1# - ADDED ENTRY--PERSONAL NAME | |
| Personal name | Sierra, Luz Eugenia |
| Relator term | ilustrador |
| 9 (RLIN) | 10232 |
| 942 ## - ADDED ENTRY ELEMENTS (KOHA) | |
| Source of classification or shelving scheme | Dewey Decimal Classification |
| Koha item type | Books |
| Withdrawn status | Lost status | Source of classification or shelving scheme | Damaged status | Not for loan | Home library | Current library | Shelving location | Date acquired | Source of acquisition | Full call number | Barcode | Date last seen | Copy number | Price effective from | Koha item type |
|---|---|---|---|---|---|---|---|---|---|---|---|---|---|---|---|
| Dewey Decimal Classification | Biblioteca Pública José María del Castillo y Rada | Biblioteca Pública José María del Castillo y Rada | General Stacks | 04/15/2018 | Donación | 327.172 / A472m | 201809794 | 05/16/2024 | Ej.1 | 04/15/2018 | Books |